The concept of an ideal rubber tree (Record no. 52882)

MARC details
000 -LEADER
fixed length control field 00394nam a2200121Ia 4500
100 ## - MAIN ENTRY--AUTHOR NAME
Personal name Saraswathyamma C.K.
245 #4 - TITLE STATEMENT
Title The concept of an ideal rubber tree
260 ## - PUBLICATION, DISTRIBUTION, ETC. (IMPRINT)
Name of publisher International Natural Rubber Conference, 5-8 February 1992, Bangalore, India, Souvenir, pp. 25-26.
Year of publication 1992
650 ## - SUBJECT ADDED ENTRY--TOPICAL TERM
Topical Term Breeding
650 ## - SUBJECT ADDED ENTRY--TOPICAL TERM
Topical Term Crop improvement
942 ## - ADDED ENTRY ELEMENTS (KOHA)
Koha item type Bibliography STAF
Holdings
Withdrawn status Lost status Damaged status Not for loan Home library Current library Date acquired Koha item type
      Bibliography RRII Library RRII Library 09/04/2014 Bibliography STAF